000 00316nam a22001457a 4500
008 210429b ||||| |||| 00| 0 eng d
020 _a9781269512688
041 _aeng
080 _a338
082 _a338
100 _a53
101 _aMEN
245 _aFoundations of Group Behavior
_cPearson
942 _2udc
_cBK
999 _c56970
_d56970